<?xml version="1.0" encoding="UTF-8"?><?xml-stylesheet type="text/xsl" href="static/style.xsl"?><OAI-PMH xmlns="http://www.openarchives.org/OAI/2.0/" xmlns:xsi="http://www.w3.org/2001/XMLSchema-instance" xsi:schemaLocation="http://www.openarchives.org/OAI/2.0/ http://www.openarchives.org/OAI/2.0/OAI-PMH.xsd"><responseDate>2026-04-13T00:59:44Z</responseDate><request verb="GetRecord" identifier="oai:www.recercat.cat:2072/231098" metadataPrefix="marc">https://recercat.cat/oai/request</request><GetRecord><record><header><identifier>oai:recercat.cat:2072/231098</identifier><datestamp>2025-03-11T16:33:27Z</datestamp><setSpec>com_2072_220028</setSpec><setSpec>com_2072_4427</setSpec><setSpec>col_2072_479371</setSpec></header><metadata><record xmlns="http://www.loc.gov/MARC21/slim" xmlns:dcterms="http://purl.org/dc/terms/" xmlns:xsi="http://www.w3.org/2001/XMLSchema-instance" xmlns:doc="http://www.lyncode.com/xoai" xsi:schemaLocation="http://www.loc.gov/MARC21/slim http://www.loc.gov/standards/marcxml/schema/MARC21slim.xsd">
   <leader>00925njm 22002777a 4500</leader>
   <datafield ind2=" " ind1=" " tag="042">
      <subfield code="a">dc</subfield>
   </datafield>
   <datafield ind2=" " ind1=" " tag="720">
      <subfield code="a">Cau Ontiveros, Miguel Ángel</subfield>
      <subfield code="e">author</subfield>
   </datafield>
   <datafield ind2=" " ind1=" " tag="720">
      <subfield code="a">Macias Solé, Josep Maria</subfield>
      <subfield code="e">author</subfield>
   </datafield>
   <datafield ind2=" " ind1=" " tag="720">
      <subfield code="a">Berni Millet, Piero</subfield>
      <subfield code="e">author</subfield>
   </datafield>
   <datafield ind2=" " ind1=" " tag="720">
      <subfield code="a">Reynolds, Paul</subfield>
      <subfield code="e">author</subfield>
   </datafield>
   <datafield ind2=" " ind1=" " tag="260">
      <subfield code="c">2014</subfield>
   </datafield>
   <datafield ind2=" " ind1=" " tag="520">
      <subfield code="a">This contribution presents the LRCW.net a website with a virtual laboratory intranet devoted to the study of coarse and 
cooking wares in the late Antique Mediterranean. It is designed as a public website with a virtual laboratory intranet. 
There, all institutions and researchers interested in the subject can work together towards a specific purpose such as 
the creation of an on-line ‘encyclopedia’ for these categories of ceramics. The LRCW.net website and the associated 
virtual laboratory are just a small part of a wider initiative that aims to create an on-line Encyclopedia for Ancient 
Ceramics in the Mediterranean.</subfield>
   </datafield>
   <datafield ind1="8" ind2=" " tag="024">
      <subfield code="a">Cau Ontiveros, M.A; Macías, J.M.; Berni, P. Reynolds, P. (2014) «LRCW.NET: A web site with a virtual laboratory for the study of coarse and cooking wares in the Late Antique Mediterranean», LRCW 4. Late Roman Coarse Wares, Cooking Wares and Amphorae in the Mediterranean. Archaeology and archaeometry. The Mediterranean: a market without frontiers. N. Poulou-Papadimitriou, E.Nodarou and V. Kilikoglou (Eds). Volume I. BAR International Series 2616 (I). pp: 617-622., 617-622</subfield>
   </datafield>
   <datafield ind1="8" ind2=" " tag="024">
      <subfield code="a">http://hdl.handle.net/2072/231098</subfield>
   </datafield>
   <datafield ind2="0" ind1="0" tag="245">
      <subfield code="a">LRCW.NET: A web site with a virtual laboratory for the study of coarse and cooking wares in the Late Antique Mediterranean</subfield>
   </datafield>
</record></metadata></record></GetRecord></OAI-PMH>